| 000 | 00836cam a2200289 4500 | ||
|---|---|---|---|
| 008 | 090401t1998 xxu||||| |||| 00| 0 eng d | ||
| 020 | _a0860174956 | ||
| 035 | _a(Sirsi) u89804 | ||
| 041 | _aeng | ||
| 050 | _a628.29 | ||
| 100 | _aWharton, S.T. | ||
| 245 | _aPumping stations : design for improved buildability and maintenance. | ||
| 260 |
_aLondon _bCIRIA _c1998 |
||
| 300 | _a99p. : ill. ; 30cm. | ||
| 350 | _a0 | ||
| 490 |
_aCIRIA Report _v182 |
||
| 650 | _aDESIGN | ||
| 650 | _aBUILT ENVIRONMENT-BUILDING MAINTENANCE AND REFURBISHMENT | ||
| 650 | _aPUMPING STATIONS | ||
| 650 | _aSEWAGE | ||
| 690 | _aBUILT ENVIRONMENT-CONSTRUCTION DESIGN | ||
| 700 | _aMartin, P. | ||
| 700 | _aWatson, T.J. | ||
| 710 |
_aConstruction Industry Research and Information Association _94810 |
||
| 942 | _n0 | ||
| 948 | _c19/11/1998 | ||
| 999 |
_c97503 _d97503 |
||